| 000 | 00648nam a2200217Ia 4500 | ||
|---|---|---|---|
| 003 | GCL | ||
| 008 | 140319s9999 xx 000 0 ara d | ||
| 040 |
_aGCL / _cGCL |
||
| 082 | 0 | 4 |
_a325.3 _bا ع |
| 100 | 1 | _aاسماعيل زقزوق | |
| 245 | 1 | 0 |
_aالعولمة امبرالية الشركاء / _cاسماعيل زقزوق |
| 250 | _aالاولى | ||
| 260 |
_aالقاهرة : _bمطابع المستقبل ، _c2001 |
||
| 300 |
_a98 ص ؛ _c20 سم |
||
| 650 | 0 | 4 | _aالسياسة |
| 650 | 0 | 4 | _aالاستعمار |
| 650 | 0 | 4 | _aالراسمالية |
| 650 | 0 | 4 | _aالامبريالية |
| 650 | 0 | 4 | _aالعولمة |
| 942 |
_2ddc _cBK |
||
| 999 |
_c5530 _d5530 |
||